Higher multiplicities and almost free divisors and complete intersections
Na minha lista:
| Autor principal: | |
|---|---|
| Formato: | Livro |
| Idioma: | inglês |
| Publicado em: |
Providence
American Mathematical Society
1996
|
| coleção: | Memoirs of the American Mathematical Society, 589
|
| Assuntos: | |
| Tags: |
Adicionar Tag
Sem tags, seja o primeiro a adicionar uma tag!
|
MARC
| LEADER | 00000nam a2200000 a 4500 | ||
|---|---|---|---|
| 001 | UCM7018 | ||
| 003 | CL-VaPUC | ||
| 008 | 021129e19960000US |||||||||||||||||eng|d | ||
| 082 | 0 | 4 | |a 515.98 |b DAM |2 21 |
| 100 | 0 | |a Damon, James |e author |9 472743 | |
| 245 | 1 | 0 | |a Higher multiplicities and almost free divisors and complete intersections |
| 300 | |a 113 p | ||
| 942 | |c BK | ||
| 945 | |d 20021129 00:00:00 |a vberengu | ||
| 260 | |a Providence |b American Mathematical Society |c 1996 | ||
| 650 | 0 | |a Singularidades (Matemáticas) |9 269951 | |
| 650 | 7 | |a CARTOGRAFIAS |2 CL-VaPUC |9 425921 | |
| 583 | |a last modification |c 20130422 12:38:52 |k Rodrigo Vera | ||
| 490 | 0 | |a Memoirs of the American Mathematical Society, 589 | |
| 999 | |c 302053 |d 302051 | ||
| 952 | |0 0 |1 0 |4 0 |6 515_980000000000000_DAM_1996 |7 0 |8 A |9 362044 |a BIBMAT |b BIBMAT |d 2019-11-21 |i 3866807 |o 515.98 DAM 1996 |p 3866807 |r 2025-01-07 |w 2019-11-21 |y BK |k MAT | ||